Criminología (parte general y especial) (Registro nro. 13203)

Detalles MARC
000 -Cabecera
Campo de control de longitud fija 00926nam a22003497a 4500
005 - Fecha y hora de la última transacción
Campo de control 20260218163814.0
008 - Elementos de longitud fija--Información general
Campo de control de longitud fija 211202b2001 xxu||||| |||| 00| 0 spa d
020 ## - International Standard Book Number
Número Internacional Estándar del Libro (ISBN) 9788481557398
041 ## - Idioma
Código de idioma Español
082 ## - Clasificación Decimal Dewey
Número de clasificación 364 H565c2
100 ## - Entrada principal--Autor personal
Nombre personal Herrero Herrero, César
9 (RLIN) 62028
245 ## - Título propiamente dicho
Título Criminología (parte general y especial)
260 ## - Pie de imprenta
Lugar de publicación, distribución, etc. España
260 ## - Pie de imprenta
Nombre del editor, distribuidor, etc. Dykinson
260 ## - Pie de imprenta
Fecha de publicación, distribución, etc. 2001
300 ## - Descripción física
Extensión 873 páginas
490 ## - Serie
Título de la Serie Investigación Criminal
650 ## - Materia general
Temática (materia general) CRIMINOLOGÍA
650 ## - Materia general
Temática (materia general) DERECHO PENAL
650 ## - Materia general
Temática (materia general) CRIMINOLOGÍA ESPAÑOLA
650 ## - Materia general
Temática (materia general) DELINCUENCIA
650 ## - Materia general
Temática (materia general) TEORÍAS PSICOSOCIALES
650 ## - Materia general
Temática (materia general) DELINCUENCIA JUVENIL
650 ## - Materia general
Temática (materia general) DELINCUENCIA ORGANIZADA
650 ## - Materia general
Temática (materia general) ESTUPEFACIENTES
650 ## - Materia general
Temática (materia general) TRÁFICO
650 ## - Materia general
Temática (materia general) DELITOS SOCIOECONÓMICOS
650 ## - Materia general
Temática (materia general) CRIMINALIDAD VIOLENTA
650 ## - Materia general
Temática (materia general) TERRORISMO
650 ## - Materia general
Temática (materia general) MULTITUDES VIOLENTAS
942 ## - Punto de acceso adicional KOHA
Tipo de ítem KOHA Libro
Fuente del sistema de clasificación o colocación Dewey Decimal Classification
Existencias
Signatura completa Código de barras Programa Académico Tipo de ítem
364 H565c2 7585 Investigación Criminal Libro